El divino cazador (Record no. 19148)

MARC details
000 -LEADER
campo de control de longitud fija 01377nam a2200313 i 4500
001 - NÚMERO DE CONTROL
campo de control 19148
003 - IDENTIFICADOR DE NÚMERO DE CONTROL
campo de control ES-MaACL
005 - FECHA Y HORA DE LA ÚLTIMA TRANSACCIÓN
campo de control 20250511122555.0
007 - CAMPO FIJO DE DESCRIPCIÓN FÍSICA--INFORMACIÓN GENERAL
campo de control de longitud fija t|
008 - DATOS DE LONGITUD FIJA--INFORMACIÓN GENERAL
campo de control de longitud fija 020624s1981 sp h |||| | spa d
020 ## - NÚMERO INTERNACIONAL ESTÁNDAR DEL LIBRO
Número Internacional Estándar del Libro 84-500-4662-9
080 ## - NÚMERO DE LA CLASIFICACIÓN DECIMAL UNIVERSAL
Número de la Clasificación Decimal Universal 091 Calderón de la Barca, Pedro.07
080 ## - NÚMERO DE LA CLASIFICACIÓN DECIMAL UNIVERSAL
Número de la Clasificación Decimal Universal 821.134.2-291.1"16":091.07
100 1# - ENTRADA PRINCIPAL--NOMBRE DE PERSONA
Nombre de persona Arriaga Feijoo y Rivadeneira, Manuel de.
9 (RLIN) 162609
245 13 - MENCIÓN DEL TÍTULO
Título El divino cazador
Resto del título : (auto sacramental) /
Mención de responsabilidad, etc. Pedro Calderón de la Barca.
250 ## - MENCION DE EDICION
Mención de edición Ed. facs. del manuscrito autógrafo conservado en la Biblioteca Nacional de Madrid
Resto de la mención de edición con introducción y comentario del Prof. Hans Flasche y transcripción del texto por Manuel Sánchez Mariana.
260 ## - PUBLICACIÓN, DISTRIBUCIÓN, ETC.
Lugar de publicación, distribución, etc. Madrid :
Nombre del editor, distribuidor, etc. Dirección General de Bellas Artes, Archivos y Bibliotecas,
Fecha de publicación, distribución, etc. 1981.
300 ## - DESCRIPCIÓN FÍSICA
Extensión 118 p. ;
Dimensiones 30 cm.
600 14 - PUNTO DE ACCESO ADICIONAL DE MATERIA--NOMBRE DE PERSONA
Nombre de persona Arriaga Feijoo y Rivadeneira, Manuel de.
Título de la obra El divino cazador-
Subdivisión de forma Manuscritos-
-- Facsímiles.
9 (RLIN) 162608
600 14 - PUNTO DE ACCESO ADICIONAL DE MATERIA--NOMBRE DE PERSONA
Nombre de persona Calderón de la Barca, Pedro-
Subdivisión general Homenajes
9 (RLIN) 33615
655 #7 - TERMINO DE INDIZACIÓN--GENERO/FORMA
Fuente del término tgfbne
9 (RLIN) 226495
Datos o término principal de género/forma Facsímiles
700 1# - ENTRADA AGREGADA--NOMBRE PERSONAL
Nombre de persona Calderón de la Barca, Pedro,
Fechas asociadas al nombre 1600-1681
Término indicativo de función/relación Autor
9 (RLIN) 239594
700 1# - ENTRADA AGREGADA--NOMBRE PERSONAL
Nombre de persona Flasche, Hans.
9 (RLIN) 51130
700 1# - ENTRADA AGREGADA--NOMBRE PERSONAL
Nombre de persona Sánchez Mariana, Manuel.
9 (RLIN) 102752
710 1# - ENTRADA AGREGADA--NOMBRE DE ENTIDAD CORPORATIVA
Nombre de entidad corporativa o nombre de jurisdicción como elemento de entrada España.
Unidad subordinada Dirección General de Bellas Artes, Archivos y Bibliotecas.
9 (RLIN) 3705
852 ## - LOCALIZACIÓN
Ubicación ES-MaACL
Número de control de estantería L-25576
942 ## - ELEMENTOS DE ENTRADA SECUNDARIOS (KOHA)
Fuente del sistema de clasificación o colocación Clasificación decimal universal
Holdings
Estatus retirado Estado de pérdida Estado de daño No para préstamo Biblioteca de origen Biblioteca actual Ubicación en estantería Fecha de adquisición Fuente de adquisición Total de préstamos Signatura topográfica completa Código de barras Visto por última vez Precio de reemplazo Tipo de ítem Koha
        Biblioteca del Ateneo de Madrid Biblioteca del Ateneo de Madrid Depósito 2 17/01/2008     L-25576 1019592 23/02/2023 23/02/2023 Libro impreso